Prácticas de psicología de la personalidad

Salvato in:
Dettagli Bibliografici
Autori principali: Ortet, Generós (autor), Sanchís, María Carmen (Autore)
Natura: Libro
Lingua:spagnolo
Pubblicazione: Barcelona Ariel 1999
Edizione:1a. ed
Serie:Ariel Practicum
Soggetti:
Tags: Aggiungi Tag
Nessun Tag, puoi essere il primo ad aggiungerne!!

MARC

LEADER 00000nam a2200000 a 4500
001 UCI3028
003 CL-VaPUC
008 071012e19990000SP |||||||||||||||||spa|d
020 |a 8434428377 
082 0 4 |a 155.2  |b ORT  |2 21 
100 |a Ortet, Generós  |e autor  |9 524345 
700 0 |a Sanchís, María Carmen  |e author  |9 524346 
245 1 0 |a Prácticas de psicología de la personalidad 
250 |a 1a. ed 
300 |a 155 p 
942 |c BK 
945 |d 20071012 00:00:00  |a rbrito 
260 |a Barcelona  |b Ariel  |c 1999 
650 0 |a Personalidad   |9 307255 
650 0 |a Psicología individual  |9 309049 
650 7 |a DESARROLLO DE LA PERSONALIDAD  |2 CL-VaPUC  |9 311216 
650 7 |a CAMBIO DE LA PERSONALIDAD  |2 CL-VaPUC  |9 524347 
650 0 |a Psicología del desarrollo  |9 307541 
650 7 |a CIENCIAS DEL COMPORTAMIENTO  |2 CL-VaPUC  |9 524348 
650 7 |a TRASTORNO DE LA PERSONALIDAD  |2 CL-VaPUC  |9 524349 
583 |a last modification  |c 20071012 00:00:00  |k Rodrigo Vera 
490 0 |a Ariel Practicum 
999 |c 327424  |d 327422 
952 |0 0  |1 0  |4 0  |6 155_200000000000000_ORT_1999  |7 0  |8 A  |9 410248  |a BIBEDU  |b BIBEDU  |d 2019-11-22  |i 4378385  |l 1  |o 155.2 ORT 1999  |p 4378385  |r 2023-07-07  |s 2023-07-07  |w 2019-11-22  |y BK  |k PSI